Fundamentals of risk and insurance / (Record no. 8989)

MARC details
000 -LEADER
fixed length control field 00996cac a22003015a 4500
008 - FIXED-LENGTH DATA ELEMENTS--GENERAL INFORMATION
fixed length control field 150817t1999 n a|||| |||| 001 0 eng d
010 ## - LIBRARY OF CONGRESS CONTROL NUMBER
LC control number 98033920
020 ## - INTERNATIONAL STANDARD BOOK NUMBER
International Standard Book Number 047129988X
020 ## - INTERNATIONAL STANDARD BOOK NUMBER
International Standard Book Number 9780471299882
040 ## - CATALOGING SOURCE
Original cataloging agency EG-ScBUE
Language of cataloging eng
Transcribing agency EG-ScBUE
082 04 - DEWEY DECIMAL CLASSIFICATION NUMBER
Classification number 368
Item number VAU
Edition number 22
100 1# - MAIN ENTRY--PERSONAL NAME
Personal name Vaughan, Emmett J.
245 10 - TITLE STATEMENT
Title Fundamentals of risk and insurance /
Statement of responsibility, etc Emmett J. Vaughan, Therese M. Vaughan.
250 ## - EDITION STATEMENT
Edition statement 8th ed.
260 ## - PUBLICATION, DISTRIBUTION, ETC. (IMPRINT)
Place of publication, distribution, etc New York :
Name of publisher, distributor, etc John Wiley & Sons, Inc.,
Date of publication, distribution, etc c.1999.
300 ## - PHYSICAL DESCRIPTION
Extent xvi, 704 p. :
Other physical details ill. ;
Dimensions 26 cm.
500 ## - GENERAL NOTE
General note Indexes : p. 689-704.
500 ## - GENERAL NOTE
General note Glossary : p. 671-688.
504 ## - BIBLIOGRAPHY, ETC. NOTE
Bibliography, etc Includes bibliographical references,
590 ## - LOCAL NOTE (RLIN)
Local note Doha<br/>Reviewed by: Wessam
650 #0 - SUBJECT ADDED ENTRY--TOPICAL TERM
Topical term or geographic name as entry element Insurance.
Source of heading or term BUEsh
650 #0 - SUBJECT ADDED ENTRY--TOPICAL TERM
Topical term or geographic name as entry element Risk (Insurance)
Source of heading or term BUEsh
9 (RLIN) 12221
651 ## - SUBJECT ADDED ENTRY--GEOGRAPHIC NAME
Source of heading or term BUEsh
653 ## - INDEX TERM--UNCONTROLLED
Arrived date list August2015
700 1# - ADDED ENTRY--PERSONAL NAME
Personal name Vaughan, Therese M.
856 4# - ELECTRONIC LOCATION AND ACCESS
Materials specified Table of Contents only
Uniform Resource Identifier <a href="http://www.loc.gov/catdir/toc/onix02/98033920.html">http://www.loc.gov/catdir/toc/onix02/98033920.html</a>
942 ## - ADDED ENTRY ELEMENTS (KOHA)
Item type Book - Borrowing
Call number prefix 368 VAU
Source of classification or shelving scheme Dewey Decimal Classification
Holdings
Withdrawn status Item status Damaged status Not for loan Home library Current library Shelving location Date acquired Source of acquisition Total Checkouts Total Renewals Full call number Barcode Date last seen Date last borrowed Koha item type Source of classification or shelving scheme Cost, replacement price
        Central Library Central Library First floor 07/08/2006 Purchase 2 11 368 VAU 000005034 15/07/2025 19/10/2015 Book - Borrowing    
        Central Library Central Library First floor 20/08/2015 Purchase     368 VAU 000010990 15/07/2025   Book - Borrowing Dewey Decimal Classification 50.00